01380nam a22003257a 4500001001000000003001100010005001700021008004100038020001800079040001800097041000800115050002500123110002500148240006800173245006300241260004200304300003700346500001100383505040300394610002500797650003200822651001800854700002300872700002200895700002400917700002500941700002600966700003700992710002501029BRCA_9247FranzMayer20230717135316.0230712b |||||||| |||| 00| 0 eng d a9780300263497 aMFMbespcMFM aesp 0aNK8902.591bB37 20221 aBard Graduate Center1 aThreads of Power: Lace from the Textilmuseum of St. Gallenling0 aThreads of PowerbLace from the Textilmuseum of St.Gallen  aBélgicabBrad Graduate Centerc2022 aXIV, 418 pbilustracionesc27 cm aL60/N30 aTraducción de: Frieda SorberTraducción de: Barbara KarlTraducción de: Anne Wanner-Jean-RichardDistribuido por: Yale University Press, New Haven and LondonAdaptación de: The Collection of Historical Lace in the Textilmuseum St GallenTexto en: inglésDestinado a: museógrafos, artistas, historiadores, diseñadores, diseñadores de modaIncluye índice (temático)Bibliografía 395-4181 aBard Graduate Center1 2Arte textilaMuseosvEuropa2 2EuropaaSuiza1 4Ed. aCormack,Emma1 4Des.aGrey, Laura1 4Ed.aMajer, Michele1 4Trad.aKarl, Barbara1 4Trad.aSorber, Frieda1 4Trad.aWanner-Jean-Richard, Anne1 aBard Graduate Center